Can MOOC help to prepare a well-trained specialist for aerospace industry?; MATEC Web of Conferences; Vol. 158 : Space Engineering

Détails bibliographiques
Parent link:MATEC Web of Conferences
Vol. 158 : Space Engineering.— 2018.— [01014, 5 p.]
Collectivité auteur: Национальный исследовательский Томский политехнический университет Центр цифровых образовательных технологий Отдел цифровых образовательных ресурсов
Autres auteurs: Ivanova V. S. Veronika Sergeevna, Mertins K. V. Kseniya Viktorovna, Barabanova Yu. A. Julia Aleksandrovna, Yurkina I. Irina
Résumé:Title screen
Digitalization of education is the main trend of modern society. The ideology of education "lifelong learning" invests the opportunity to improve skills and develop competencies without leaving home. The article discusses the possibility of using MOOC for training specialists in the aerospace industry. The analysis of the MOOC and specialized courses developed and followed in the TPU, as well as analyzed the education of students is done.
Langue:anglais
Publié: 2018
Sujets:
Accès en ligne:https://doi.org/10.1051/matecconf/201815801014
http://earchive.tpu.ru/handle/11683/52915
Format: Électronique Chapitre de livre
KOHA link:https://koha.lib.tpu.ru/cgi-bin/koha/opac-detail.pl?biblionumber=659419

MARC

LEADER 00000nla2a2200000 4500
001 659419
005 20231222112828.0
035 |a (RuTPU)RU\TPU\network\27978 
035 |a RU\TPU\network\27977 
090 |a 659419 
100 |a 20190218d2018 k y0engy50 ba 
101 0 |a eng 
105 |a y z 100zy 
135 |a vrgn ---uucaa 
181 0 |a i  
182 0 |a b 
200 1 |a Can MOOC help to prepare a well-trained specialist for aerospace industry?  |f V. S. Ivanova [et al.] 
203 |a Text  |c electronic 
300 |a Title screen 
320 |a [References: 6 tit.] 
330 |a Digitalization of education is the main trend of modern society. The ideology of education "lifelong learning" invests the opportunity to improve skills and develop competencies without leaving home. The article discusses the possibility of using MOOC for training specialists in the aerospace industry. The analysis of the MOOC and specialized courses developed and followed in the TPU, as well as analyzed the education of students is done. 
461 1 |0 (RuTPU)RU\TPU\network\4526  |t MATEC Web of Conferences 
463 1 |0 (RuTPU)RU\TPU\network\27949  |t Vol. 158 : Space Engineering  |o VI International Forum for Young Scientists, April 26-28, 2018, Tomsk, Russia  |o [proceedings]  |f National Research Tomsk Polytechnic University (TPU) ; eds. V. N. Borikov [et al.]  |v [01014, 5 p.]  |d 2018 
610 1 |a электронный ресурс 
610 1 |a труды учёных ТПУ 
610 1 |a подготовка специалистов 
610 1 |a аэрокосмическая промышленность 
610 1 |a компетенции 
610 1 |a специализированные курсы 
610 1 |a онлайн-курсы 
701 1 |a Ivanova  |b V. S.  |c specialist in the field of instrument making  |c Associate Professor of Tomsk Polytechnic University, Candidate of technical sciences  |f 1977-  |g Veronika Sergeevna  |3 (RuTPU)RU\TPU\pers\34742  |9 18092 
701 1 |a Mertins  |b K. V.  |c specialist in the field of educational and methodical work  |c head of department of Tomsk Polytechnic University  |f 1982-  |g Kseniya Viktorovna  |3 (RuTPU)RU\TPU\pers\36043 
701 1 |a Barabanova  |b Yu. A.  |c Specialist in the field of higher professional education management  |c Top manager of Tomsk Polytechnic University  |f 1988-  |g Julia Aleksandrovna  |3 (RuTPU)RU\TPU\pers\43121 
701 1 |a Yurkina  |b I.  |g Irina 
712 0 2 |a Национальный исследовательский Томский политехнический университет  |b Центр цифровых образовательных технологий  |b Отдел цифровых образовательных ресурсов  |3 (RuTPU)RU\TPU\col\25358 
801 1 |a RU  |b 63413507  |c 20150101  |g RCR 
801 2 |a RU  |b 63413507  |c 20190228  |g RCR 
856 4 |u https://doi.org/10.1051/matecconf/201815801014 
856 4 |u http://earchive.tpu.ru/handle/11683/52915 
942 |c CF